Sports Quiz

Random Sports or Football Quiz

Highest scoring super bowls Quiz Stats

 Plays Quiz not verified by Sporcle

Support Sporcle.
Go Orange.
Score 0/45 Timer 05:00
0 Plays Today
total points (winner and loser) team % Correct
????
100%
????
76.1%
????
52.2%
????
47.8%
????
45.7%
????
6.5%
????
6.5%
????
6.5%
????
6.5%
????
4.3%
????
4.3%
????
4.3%
????
4.3%
????
4.3%
????
2.2%
????
2.2%
????
2.2%
????
2.2%
????
2.2%
????
2.2%
????
2.2%
????
2.2%
????
2.2%
total points (winner and loser) team % Correct
????
2.2%
????
2.2%
????
2.2%
????
2.2%
????
2.2%
????
2.2%
????
2.2%
????
2.2%
????
2.2%
????
2.2%
????
2.2%
????
2.2%
????
2.2%
????
2.2%
????
2.2%
????
2.2%
????
2.2%
????
0%
????
0%
????
0%
????
0%
????
0%

You're not logged in!

Compare scores with friends on all Sporcle quizzes.
OR
Log In

From the Vault

15 Category Mixed Word

by chair

Sporcle, it's anagramtastic!!
Remove Ads.
Support Sporcle.
Get the best of Sporcle when you Go Orange. This ad-free experience offers more features, more stats, and more fun while also helping to support Sporcle. Thank you for becoming a member.

Show Comments

Extras

Top Quizzes Today


Score Distribution

Your Account Isn't Verified!

In order to create a playlist on Sporcle, you need to verify the email address you used during registration. Go to your Sporcle Settings to finish the process.

Report this User

Report this user for behavior that violates our Community Guidelines.

Details: